British Geography by Letter - M - Statistics

General Stats
  • This quiz has been taken 386 times
  • The average score is 9 of 20
Answer Stats
Hint Answer % Correct
England's third-largest city Manchester
100%
Gibraltar is located at the end of this sea Mediterranean
88%
River that flows past Liverpool Mersey
87%
Name for the central part of England Midlands
85%
Celtic ethnic group of Isle of Man Manx
59%
London's newest bridge Millennium Bridge
55%
Spanish name of the Falklands Islas {Malvinas}
52%
"Grieving" Northern Irish mountain range MourneMountains
47%
British island in the Caribbean Sea Montserrat
46%
Ancient Anglo-Saxon kingdom Mercia
40%
Most populous city in North Yorkshire Middlesbrough
36%
Term for an uncultivated hill land {Moor}land
36%
Second-largest of the Inner Hebrides Mull
34%
Small group of hills where the modernbottled drinking water was founded Malvern Hills
31%
Easternmost Welsh county Monmouthshire
29%
Triangular firth of northeastern Scotland Moray Firth
28%
Largest shopping centre in Yorkshire Meadowhall
21%
Second tallest mountain in the UK Ben {Macdui}
9%
Strait separating the Scottish Highlandsand the Inner Hebrides The {Minch}
9%
Famous Iron Age hill fort in Dorset {Maiden} Castle
7%
No matching quizzes found
Score Distribution
Percent of People with Each Score
Percentile by Number Answered
Your Score History
You have not taken this quiz